000 00686nam a2200241Ia 4500
003 OSt
005 20220918211936.0
006 a|||||r|||| 00| 0
007 ta
008 220917b |||||||| |||| 00| 0 eng d
024 _a126,325
037 _cTextual
040 _aARTS
_cARTS
_beng
041 _2eng
_aeng
082 _aW,8:3, M1
100 _aDhawan R K
245 0 _aPublic grievances and the lokpal
_b A study of the administrative machinery for redress of Public grievances
260 _aNew Delhi
_bAllied
_c1981
300 _avii, 359p.
_ccm.
650 _aPOLITICAL SCIENCE
942 _hW,8:3, M1
_cTEXL
_2CC
999 _c249470
_d249470